Die teuersten Fußballtransfers - Geboren 1983 - Statistiken

Allgemein
  • Dieses Quiz wurde 27 mal gespielt
  • Das Durchschnittsergebnis liegt bei 5 aus 10
Antwortstatistiken
Ablöse (M €) Saison Nationalität Abgebender Verein Aufnehmender Verein Spieler % Korrekt
30,00 2007-2008 Frankreich Olympique Marseille Bayern München Franck Ribéry
86%
30,70 2012-2013 Niederlande FC Arsenal Manchester United Robin van Persie
86%
30,00 2010-2011 Elfenbeinküste FC Barcelona Manchester City Yaya Touré
73%
35,50 2008-2009 Brasilien FC Sevilla FC Barcellona Dani Alves
68%
30,00 2007-2008 Portugal FC Porto Real Madrid Pepe
68%
27,00 2008-2009 Niederlande Ajax Amsterdam Real Madrid Klaas-Jan Huntelaar
23%
24,00 2009-2010 Argentinien FC Porto Olympique Lyon Lisandro López
18%
24,60 2008-2009 Portugal FC Porto Inter Mailand Ricardo Quaresma
18%
30,00 2008-2009 Portugal Dinamo Moskau Zenit S-Pb Danny
9%
25,00 2009-2010 Brasilien AC Florenz Juventus Turin Felipe Melo
5%
Keine übereinstimmenden Quizze gefunden
Verteilung der Resultate
Anzahl Personen mit jedem Resultat
Perzentil nach korrekt beantworteten Fragen
Ihre Resultats-Entwicklung
Sie haben dieses Quiz noch nicht gespielt